[Event "Syre Memorial op 19th"]
[Site "Issy les Moulineaux"]
[Date "1996.??.??"]
[Round "5"]
[White "Whurmann, D."]
[Black "Lebrun, Xavier"]
[Result "0-1"]
[WhiteElo "1700"]
[BlackElo "2050"]
[PlyCount "70"]
[EventDate "1996.05.??"]
[EventType "swiss"]
[EventRounds "6"]
[EventCountry "FRA"]
[SourceTitle "EXT 2005"]
[Source "ChessBase"]
[SourceDate "2004.11.15"]
[SourceVersion "1"]
[SourceVersionDate "2004.11.15"]
[SourceQuality "1"]

1. e4 e5 2. Nf3 Nc6 3. Bb5 Bc5 4. 0-0 Qf6 5. Nc3 Nge7 6. d3 Nd4 7. Nxd4 Bxd4 8. Be3 c6 9. Bc4 0-0 10. Bxd4 exd4 11. Ne2 d5 12. exd5 cxd5 13. Bb3 Be6 14. Qd2 a5 15. a3 Ng6 16. c3 dxc3 17. Nxc3 Rfd8 18. Ne2 h5 19. d4 Bg4 20. f3 Be6 21. Bc2 Bf5 22. Bxf5 Qxf5 23. Ng3 Qf4 24. Qxf4 Nxf4 25. Rac1 h4 26. Nf5 Ne2+ 27. Kh1 Nxc1 28. Rxc1 g6 29. Ne7+ Kf8 30. Rc7 Ra6 31. Nc8 Rc6 32. Rxc6 bxc6 33. Na7 Rb8 34. Nxc6 Rxb2 35. Kg1 a4 0-1